00433 2200169 4500001002100000005001500021035002000036245005200056100001500108250001700123300003200140260003300172082001000205084001600215020002200231650001000253INLIS00000000000048320240806124057 a0010-08240000011 aPermasalahan Anjing dan Solusinya /cAhmad Said0 aAhmad Said acetakan ke-1 aiv, 82 hlm :bilus ;c21 cm aJakarta :bAzka Press,c2007 a636.7 a636.7 AHM p a978-979-121-159-8 4aPeter